Țările balcanice – quiz pe hartă - Statistics

General Stats
  • This quiz has been taken 86 times
  • The average score is 11 of 12
Answers on the Map
Answers color-coded by a green-red scale on the quiz's map according to % correct below.
 
Answer Stats
Answer % Correct
Bulgaria
100%
Croația
100%
Grecia
100%
Serbia
100%
Turcia
100%
Albania
90%
Bosnia și
Herțegovina
90%
Kosovo
90%
Macedonia de Nord
90%
România
90%
Slovenia
90%
Muntenegru
80%
No matching quizzes found
Score Distribution
Percent of People with Each Score
Percentile by Number Answered
Your Score History
You have not taken this quiz